000 02475 a2200409 4500
001 OB-bibpompidou-1352
003 FrMaCLE
005 20251214082613.0
007 cu ||||||m||||
008 140116e||||||||xx |||||s|||||||||0|fr|d
020 _a978-2-84246-198-0
024 7 _a10.4000/books.bibpompidou.1352
_2doi
040 _aFR-FrMaCLE
041 _afra
100 1 _aAdami, Valerio
245 1 3 _aUn jour Derrida /
_cValerio Adami, Jacques-Olivier Bégot, Daniel Bougnoux, Regis Debray, Élisabeth de Fontenay, Françoise Gaillard, Jean Galard, Marc Goldschmit, Marie-Louise Mallet, Élisabeth Roudinesco, Peter Sloterdijk.
260 _aParis :
_bÉditions de la Bibliothèque publique d’information,
_c2014.
300 _a101 p.
500 _aEbook
520 _a On a souvent décrit l'accès à la philosophie comme une naissance : certaines pensées nous donnent littéralement le jour. Donnons-nous un jour avec Jacques Derrida. Non pour commémorer sa mort, mais pour nous demander quelle sorte de jour sa pensée ou ses mots aigus, raffinés nous apportent aujourd'hui. De même qu'il y a plus d'une langue - une définition parmi d'autres de la déconstruction -, on compte plus d'un soleil, et la lumière que les philosophes ont imprudemment baptisée naturelle se prolonge jusqu'à nous par diverses techniques d'éclairage propices à aiguiser la vue. Mais les fenêtres percées et les coups de projecteur ne convergent pas forcément. Un jour de même ne dure pas, et découpe une clairière changeante selon les lieux et les moments. Obscur à beaucoup de gens, Derrida est pour d'autres la clarté même. Dans la clairière ouverte par son œuvre, des penseurs, des artistes se rencontrent et confrontent leurs vues : quelles lueurs, quel élan ont-ils reçus de ce philosophe à tel moment de leur vie ?
540 _aOpenEdition Books License
_uhttps://www.openedition.org/12554
650 4 _aPhilosophy
650 4 _agrammatologie
650 4 _amédiologie
650 4 _aoeuvre philosophique
700 1 _aBégot, Jacques-Olivier
700 1 _aBougnoux, Daniel
700 1 _aDebray, Regis
700 1 _aFontenay, Élisabeth de
700 1 _aGaillard, Françoise
700 1 _aGalard, Jean
700 1 _aGoldschmit, Marc
700 1 _aMallet, Marie-Louise
700 1 _aRoudinesco, Élisabeth
700 1 _aSloterdijk, Peter
856 4 _eAdami, Valerio
_uhttps://books.openedition.org/bibpompidou/1352
_yUn jour Derrida
999 _c4089
_d4089